Statistics for Composers' Most Performed Operas

Click here to take the quiz!

General Stats

  • This quiz has been taken 232 times
    (230 since last reset)
  • The average score is 12 of 20

Answer Stats

composeropera% Correct
BizetCarmen
93%
MozartThe Magic Flute
87%
BeethovenFidelio
82%
RossiniThe Barber of Seville
76%
PucciniLa Boheme
71%
VerdiLa Traviata
71%
BelliniNorma
62%
GounodFaust
61%
HumperdinckHansel and Gretel
60%
LeoncavalloPagliacci
55%
DvořákRusalka
53%
MascagniCavalleria Rusticana
50%
OffenbachThe Tales of Hoffmann
49%
Johann StraussDie Fledermaus
48%
TchaikovskyEugene Onegin
48%
Richard StraussSalome
48%
WagnerThe Flying Dutchman
46%
LeharThe Merry Widow
46%
DonizettiL'elisir d'amore
45%
KalmanDie Csárdásfürstin
10%

Score Distribution

Percentile by Number Answered

Percent of People with Each Score

Your Score History

You have not taken this quiz since the last reset